000 00984cam a22002773a 4500
001 2617
003 PGUSA
005 20140828083017.0
008 040601s2004||||xxu|||||s|||||000 | eng d
040 _aPGUSA
_beng
042 _adc
050 4 _aE456
100 1 _aSherman, William T.
_q(William Tecumseh),
_d1820-1891
245 1 0 _aMemoirs of General William T. Sherman — Volume 2
_h[electronic resource] /
_cWilliam T. Sherman
260 _bProject Gutenberg,
_c2004
506 _aPublic domain in the USA.
516 _aElectronic text
653 _aGenerals -- United States -- Biography
653 _aSherman, William T. (William Tecumseh), 1820-1891
653 _aUnited States -- History -- Civil War, 1861-1865 -- Personal narratives
653 _aUnited States. Army -- Biography
653 _aUnited States -- History -- Civil War, 1861-1865 -- Campaigns
830 0 _aProject Gutenberg
_v2617
856 4 0 _uhttp://www.gutenberg.org/ebooks/2617
942 _cEB
999 _c231954
_d231954